|
|
|
|
| LEADER |
01616nam a22003734a 4500 |
| 001 |
28228 |
| 003 |
BD-DhAAL |
| 005 |
20210613122628.0 |
| 008 |
210613r20052020enkabf b 001 0ceng |
| 999 |
|
|
|c 32886
|d 32886
|
| 010 |
|
|
|a 2005006196
|
| 020 |
|
|
|a 0521254841 (hbk).
|
| 020 |
|
|
|a 9780521254847 (hbk.)
|
| 020 |
|
|
|a 9780521514422 (hardback)
|
| 040 |
|
|
|a DLC
|c DLC
|d BAKER
|d BWKUK
|d UKM
|d DLC
|d BD-DhAAL
|
| 041 |
|
|
|a eng
|
| 042 |
|
|
|a pcc
|
| 043 |
|
|
|a a-ii---
|
| 050 |
0 |
0 |
|a DS436
|b .N47 1987 pt. 1, vol. 8
|a DS485.D25
|
| 082 |
0 |
0 |
|a 954.8
|2 22
|
| 100 |
1 |
|
|a Eaton, Richard Maxwell.
|9 5602
|
| 245 |
1 |
2 |
|a A social history of the Deccan, 1300-1761 :
|b eight Indian lives /
|c Richard M. Eaton.
|
| 260 |
|
|
|a Cambridge, UK ;
|a New York :
|b Cambridge University Press,
|c 2005.
|
| 300 |
|
|
|a xiii, 221 pages, [16] page of plates :
|b illustrations, maps ;
|c 24 cm.
|
| 490 |
|
|
|a The new Cambridge history of India ;
|v I, 8
|
| 504 |
|
|
|a Includes bibliographical references (p. 203-209) and index.
|
| 526 |
|
|
|a RS
|
| 541 |
|
|
|a karim international
|e 28228, 37492
|
| 651 |
|
0 |
|a Deccan (India)
|x History.
|9 5472
|
| 651 |
|
0 |
|a Deccan (India)
|v Biography.
|9 5473
|
| 852 |
|
|
|a Ayesha Abed Library
|c General Stacks
|
| 942 |
|
|
|2 ddc
|c BK
|
| 952 |
|
|
|0 0
|1 0
|2 ddc
|4 0
|6 954_800000000000000_EAT
|7 0
|9 43409
|a BRACUL
|b BRACUL
|c GEN
|d 2014-08-13
|e Paragon Enterprises Ltd.
|g 1167.00
|l 3
|m 1
|o 954.8 EAT
|p 3010028228
|r 2016-10-16
|s 2016-10-05
|t 1
|w 2014-08-13
|y BK
|
| 952 |
|
|
|0 0
|1 0
|2 ddc
|4 0
|6 954_800000000000000_EAT
|7 0
|9 69321
|a SCL
|b SCL
|c GEN
|d 2021-03-25
|e Karim International
|g 2090.00
|l 1
|o 954.8 EAT
|p 3020037492
|r 2022-12-14
|s 2022-11-16
|t 2
|v 2090.00
|w 2021-03-25
|y BK
|